| 000 | 00884nam a2200265Ia 4500 | ||
|---|---|---|---|
| 001 | dia_4203 | ||
| 003 | CHAP | ||
| 005 | 20230120100013.0 | ||
| 007 | ta | ||
| 008 | 220601s9999 mx f 000 0 spa d | ||
| 040 |
_amxchpua _cCHAP |
||
| 090 | _aFOLLETO 2704 | ||
| 100 | 1 |
_aDe la Fuente Hernández, Juan _9176020 |
|
| 245 | 1 | 0 |
_aProducción y comercialización de lácteos : _bcomportamiento y tendencias del sistema a nivel mundial / _cJuan de la Fuente Hernández |
| 260 |
_aChapingo, México : _bUACh, |
||
| 300 | _a48 páginas | ||
| 500 | _aS/c (Cuadros estadísticos) | ||
| 650 | 1 | 3 |
_aProductos lácteos _992124 _xComercialización |
| 650 | 1 | 7 |
_aLeche _965357 _xProducción |
| 650 | 1 | 7 |
_aProductos lácteos _992124 _xEstadísticas |
| 901 | _aFOLLETO 2704 | ||
| 902 | _aM | ||
| 905 | _a0000001993 mx 0000000000spa00 | ||
| 942 |
_cFOLL _2local |
||
| 999 |
_c209475 _d209475 |
||